Structure and phase composition of the superalloy on the basis of Ni-Al-Cr alloyed by Re and La; IOP Conference Series: Materials Science and Engineering; Vol. 112 : Fundamental Aspects of Rare-earth Elements Mining and Separation and Modern Materials Engineering (REES-2015)
| Parent link: | IOP Conference Series: Materials Science and Engineering Vol. 112 : Fundamental Aspects of Rare-earth Elements Mining and Separation and Modern Materials Engineering (REES-2015).— 2016.— [012036, 5 p.] |
|---|---|
| Autor corporatiu: | |
| Altres autors: | , , , |
| Sumari: | Title screen Qualitative and quantitative studies of the structure, phase composition, morphology of phase of the high-rhenium alloys additionally doped with La were carried out by TEM and SEM methods. The alloy was obtained by directional solidification method. It was shown that introduction of Re and La to an alloy leads to formation of new phases: [beta] and [chi] , which bring serious irregularities in the structure of quasicuboids of [gamma]'-phase. Режим доступа: по договору с организацией-держателем ресурса |
| Idioma: | anglès |
| Publicat: |
2016
|
| Matèries: | |
| Accés en línia: | http://dx.doi.org/10.1088/1757-899X/112/1/012036 |
| Format: | MixedMaterials Electrònic Capítol de llibre |
| KOHA link: | https://koha.lib.tpu.ru/cgi-bin/koha/opac-detail.pl?biblionumber=648412 |
MARC
| LEADER | 00000nla2a2200000 4500 | ||
|---|---|---|---|
| 001 | 648412 | ||
| 005 | 20240111140423.0 | ||
| 035 | |a (RuTPU)RU\TPU\network\13569 | ||
| 035 | |a RU\TPU\network\13568 | ||
| 090 | |a 648412 | ||
| 100 | |a 20160519a2016 k y0engy50 ba | ||
| 101 | 0 | |a eng | |
| 102 | |a GB | ||
| 105 | |a y z 100zy | ||
| 135 | |a drgn ---uucaa | ||
| 181 | 0 | |a i | |
| 182 | 0 | |a b | |
| 200 | 1 | |a Structure and phase composition of the superalloy on the basis of Ni-Al-Cr alloyed by Re and La |f E. L. Nikonenko [et al.] | |
| 203 | |a Text |c electronic | ||
| 300 | |a Title screen | ||
| 320 | |a [References: 9 tit.] | ||
| 330 | |a Qualitative and quantitative studies of the structure, phase composition, morphology of phase of the high-rhenium alloys additionally doped with La were carried out by TEM and SEM methods. The alloy was obtained by directional solidification method. It was shown that introduction of Re and La to an alloy leads to formation of new phases: [beta] and [chi] , which bring serious irregularities in the structure of quasicuboids of [gamma]'-phase. | ||
| 333 | |a Режим доступа: по договору с организацией-держателем ресурса | ||
| 461 | 0 | |0 (RuTPU)RU\TPU\network\2008 |t IOP Conference Series: Materials Science and Engineering | |
| 463 | 0 | |0 (RuTPU)RU\TPU\network\13547 |t Vol. 112 : Fundamental Aspects of Rare-earth Elements Mining and Separation and Modern Materials Engineering (REES-2015) |o 2nd International Symposium, 7–15 September 2015, Belokuriha, Russia |o [proceedings] |v [012036, 5 p.] |d 2016 | |
| 610 | 1 | |a электронный ресурс | |
| 610 | 1 | |a труды учёных ТПУ | |
| 610 | 1 | |a структура | |
| 610 | 1 | |a фазовый состав | |
| 610 | 1 | |a суперсплавы | |
| 610 | 1 | |a морфология | |
| 610 | 1 | |a ПЭМ | |
| 610 | 1 | |a сплавы | |
| 701 | 1 | |a Nikonenko |b E. L. |c physicist |c Associate Professor of Tomsk Polytechnic University, candidate of physical and mathematical sciences |f 1962- |g Elena Leonidovna |3 (RuTPU)RU\TPU\pers\35823 |9 18968 | |
| 701 | 1 | |a Popova |b N. A. | |
| 701 | 1 | |a Koneva |b N. A. | |
| 701 | 1 | |a Kozlov |b E. V. | |
| 712 | 0 | 2 | |a Национальный исследовательский Томский политехнический университет (ТПУ) |b Институт международного образования и языковой коммуникации (ИМОЯК) |b Кафедра междисциплинарная (МД) |3 (RuTPU)RU\TPU\col\19012 |
| 801 | 2 | |a RU |b 63413507 |c 20160519 |g RCR | |
| 856 | 4 | |u http://dx.doi.org/10.1088/1757-899X/112/1/012036 | |
| 942 | |c CF | ||